Guidance for industry : granularity document : annex to M4, organization of the CTD.

Bibliographic Details
Corporate Authors: Center for Biologics Evaluation and Research (U.S.), International Conference on Harmonisation
Format: Government Document Conference Proceeding eBook
Language:English
Published: Rockville, MD : U.S. Dept. of Health and Human Services, Food and Drug Administration, Center for Drug Evaluation and Research : Center for Biologics Evaluation and Research, [2005]
Subjects:
Online Access:https://purl.fdlp.gov/GPO/LPS113972

MARC

Tag First Indicator Second Indicator Subfields
LEADER 00000cam a2200000Ia 4500
001 in00002485321
005 20211202191907.0
006 m d f
007 cr an|||||||||
008 090622s2005 mdu s f000 0 eng d
035 |a (OCoLC)ocn405716933 
040 |a GPO  |c GPO  |d MvI  |d UtOrBLW 
049 |a WWW 
074 |a 0499-T (online) 
086 0 |a HE 20.4702:G 76 
245 0 0 |a Guidance for industry :  |b granularity document : annex to M4, organization of the CTD. 
246 3 0 |a Granularity document 
246 3 0 |a Annex to M4, organization of the CTD 
264 1 |a Rockville, MD :  |b U.S. Dept. of Health and Human Services, Food and Drug Administration, Center for Drug Evaluation and Research :  |b Center for Biologics Evaluation and Research,  |c [2005] 
300 |a 10 pages :  |b digital, PDF file. 
336 |a text  |b txt  |2 rdacontent 
337 |a computer  |b c  |2 rdamedia 
338 |a online resource  |b cr  |2 rdacarrier 
538 |a Mode of access: Internet at theFDA web site. Address as of 6/22/09: http://www.fda.gov/downloads/RegulatoryInformation/Guidances/ucm129576.pdf ; current access is available via PURL. 
500 |a Title from PDF title page (viewed on June 22, 2009). 
500 |a "ICH". 
500 |a "October 2005". 
500 |a Electronic resource. 
610 2 0 |a Center for Drug Evaluation and Research (U.S.) 
650 0 |a Clinical trials  |x Reporting. 
710 2 |a Center for Biologics Evaluation and Research (U.S.) 
711 2 |a International Conference on Harmonisation. 
856 4 0 |u https://purl.fdlp.gov/GPO/LPS113972  |t 0 
999 |a MARS 
999 f f |s 217de7f8-9c76-3517-ac9d-af28b3df1842  |i 1c3fc474-d28e-3b5c-9d5b-cc5032991b37  |t 0 
952 f f |a Texas A&M University  |b College Station  |c Electronic Resources  |d Available Online  |t 0  |e HE 20.4702:G 76  |h Superintendent of Documents classification 
998 f f |a HE 20.4702:G 76  |t 0  |l Available Online